000 00436nam a2200181Ia 4500
008 210210b1941 xxu||||| |||| 00| 0 eng d
041 _aeng
082 _a535/94
100 _aNOAKES (G R)
245 _aTextbook of electricity and magnetism
260 _aLondon
_bMacmillan & Co. Ltd.
_c1941
300 _a513
650 _aTextbook
650 _amagnetism
650 _aelectricity
690 _aElectricity
906 _a008712
999 _c126647
_d126647